Normal view MARC view
  • PELCZAR,MICHAEL.J

Entry Personal Name

Number of records used in: 1

001 - CONTROL NUMBER

  • control field: 3751

003 - CONTROL NUMBER IDENTIFIER

  • control field: OSt

005 - DATE AND TIME OF LATEST TRANSACTION

  • control field: 20170401125359.0

008 - FIXED-LENGTH DATA ELEMENTS

  • fixed length control field: 170401|| aca||aabn | a|a d

040 ## - CATALOGING SOURCE

  • Original cataloging agency: OSt
  • Transcribing agency: OSt

100 ## - HEADING--PERSONAL NAME

  • Personal name: PELCZAR,MICHAEL.J

670 ## - SOURCE DATA FOUND

  • Source citation: Work cat.: (OSt): PELCZAR,MICHAEL.J, MICROBILOGY, 1986